| 000 | 01996nam a22003257a 4500 | ||
|---|---|---|---|
| 005 | 20101206113148.0 | ||
| 008 | 101206t xxu||||| |||| 00| 0 hin d | ||
| 010 | _aHIN-93222 B-480206-207 | ||
| 020 |
_c100.00 _a9788171247424 |
||
| 035 | _aHN-65568 B-480206-207 | ||
| 037 | _bDBAD/PUB | ||
| 037 | _bविर्चुअस पब्लिकेशंस | ||
| 040 |
_aDPL _bHN |
||
| 082 | _a821 | ||
| 100 |
_924598 _aअवधेश कुमार सिंह |
||
| 245 |
_aभोजपुरी लोकगीत / _cअवधेश कुमार सिंह |
||
| 246 |
_aBhojapuri Lok Geet _bby Prayygatmanand Sarswati |
||
| 260 |
_aवाराणसी _bविश्वविद्यालय प्रकाशन _c2010 |
||
| 270 |
_bवाराणसी _aपो.बॉ 1149, विशालाक्षी भवन, चौक _e221001 _k0542- 2413741 _msales@vvpbooks.com |
||
| 300 |
_axxii,84पृ. _c22सेमी (सजिल्द) |
||
| 650 |
_91169 _aहिन्दी कविता |
||
| 650 |
_929580 _aHindi Poetry |
||
| 700 | _924599 | ||
| 700 | _924924 | ||
| 942 |
_2ddc _cHN _mअवधे _h821 |
||
| 999 |
_c53929 _d53929 |
||